Filadelfia

Andrew Beckett, un joven y prometedor abogado de Philadelphia, es despedido del prestigioso bufete en el que trabaja cuando sus jefes se enteran de que ha contraído el sida. Decide entonces demandar a la empresa por despido improcedente, pero en un principio ningún abogado acepta defender su caso.

Guardado en:
Autor Principal: Demme, Jonathan.
Autor Corporativo: Clinica Estetico.
Otros Autores: Nyswaner, Ron; Guion., Hanks, Tom; Reparto., Washington, Denzel; Reparto., Banderas, Antonio; Reparto.
Formato: Deslizar
Idioma:Undetermined
Publicado: Estados Unidos : TriStar Pictures, 1993.
Materias:
Etiquetas: Agregar Etiqueta
Sin Etiquetas, Sea el primero en etiquetar este registro!
LEADER 01121ngm a22002415a 4500
001 CEM.cems020429
008 230907s1993####xx#---############vlund#d
005 20230907194615.0
245 1 0 |a Filadelfia  |h [videograbación] /  |c Jonathan Demme. 
260 |a Estados Unidos :  |b TriStar Pictures,  |c 1993. 
300 |a 126'. 
520 |a Andrew Beckett, un joven y prometedor abogado de Philadelphia, es despedido del prestigioso bufete en el que trabaja cuando sus jefes se enteran de que ha contraído el sida. Decide entonces demandar a la empresa por despido improcedente, pero en un principio ningún abogado acepta defender su caso. 
590 |a Identificación anterior: 141 
538 |a Soporte: DVD -- Formato: DVD – Peso: 4.36gb -- Resolución: 720 x 480 -- 29.97fps 
100 1 |a Demme, Jonathan. 
700 1 |a Nyswaner, Ron; Guion. 
700 1 |a Hanks, Tom; Reparto. 
700 1 |a Washington, Denzel; Reparto. 
700 1 |a Banderas, Antonio; Reparto. 
710 2 |a Clinica Estetico. 
653 |a LARGOMETRAJE 
653 |a FICCIÓN 
859 |a CEMS  |b BIB. CEMS - Depto. Recursos Didacticos  |h 778.5  |i DEM  |k DRD  |p 3095.23  |t Ej.1